000 00540nam a2200169Ia 4500
008 090711s9999 xx 000 0 und d
082 _b765
100 _aप्रभावळकर दिलीप
245 _aनवी गुगली
260 _bराजहंस प्रकाशन
_c1997
300 _a119
600 _aप्रभावळकर दिलीप
630 _aनवी गुगली
700 _aप्रभावळकर दिलीप
730 _aनवी गुगली
942 _cBOOK
999 _c324254
_d324254